LEADER 01356nam0 22003011i 450 001 UON00519777 005 20240115014548.146 010 $a978-34-471-1694-7 100 $a20231112d2021 |0itac50 ba 101 $ager$aAKK 102 $aDE 105 $a|||| ||||| 200 1 $aAltbabylonisches Lehrbuch$fMichael P. Streck 205 $aVierte$büberarbeitete Auflage 210 $aWiesbaden$cHarrassowitz Verlag$d2021 215 $aXX, 336 p.$d24 cm 410 1$1001UON00065789$12001 $aPorta linguarum orientalium. Neue Serie$fHerausgegeben von Bertold Spuler und Hans Wehr$v23 606 $aLingua accadica$xGrammatiche$3UONC004709$2FI 686 $aMES II B$cMESOPOTAMIA - LINGUISTICA - GRAMMATICHE$2A 700 1$aStreck$bMichael P.$3UONV028039$0634572 712 $aHarrassowitz$3UONV245869$4650 801 $aIT$bSOL$c20250502$gRICA 899 $aSIBA - SISTEMA BIBLIOTECARIO DI ATENEO$2UONSI 912 $aUON00519777 950 $aSIBA - SISTEMA BIBLIOTECARIO DI ATENEO$dSI MES II B 029 N $eSI 49047 7 029 N 951 $aSIBA - SISTEMA BIBLIOTECARIO DI ATENEO$bSI2023881 1J 20231110Bolla n. 585 del 4/12/2023. 996 $aAltbabylonisches Lehrbuch$93905075 997 $aUNIOR